<?xml version="1.0" encoding="UTF-8"?><?xml-stylesheet type="text/xsl" href="static/style.xsl"?><OAI-PMH xmlns="http://www.openarchives.org/OAI/2.0/" xmlns:xsi="http://www.w3.org/2001/XMLSchema-instance" xsi:schemaLocation="http://www.openarchives.org/OAI/2.0/ http://www.openarchives.org/OAI/2.0/OAI-PMH.xsd"><responseDate>2026-06-29T02:48:02Z</responseDate><request verb="GetRecord" identifier="oai:docta.ucm.es:20.500.14352/131911" metadataPrefix="marc">https://docta.ucm.es/rest/oai/request</request><GetRecord><record><header><identifier>oai:docta.ucm.es:20.500.14352/131911</identifier><datestamp>2026-02-10T01:17:40Z</datestamp><setSpec>com_20.500.14352_14</setSpec><setSpec>col_20.500.14352_15</setSpec></header><metadata><record xmlns="http://www.loc.gov/MARC21/slim" xmlns:dcterms="http://purl.org/dc/terms/" xmlns:xsi="http://www.w3.org/2001/XMLSchema-instance" xmlns:doc="http://www.lyncode.com/xoai" xsi:schemaLocation="http://www.loc.gov/MARC21/slim http://www.loc.gov/standards/marcxml/schema/MARC21slim.xsd">
   <leader>00925njm 22002777a 4500</leader>
   <datafield ind2=" " ind1=" " tag="042">
      <subfield code="a">dc</subfield>
   </datafield>
   <datafield ind2=" " ind1=" " tag="720">
      <subfield code="a">López Yáñez, Aina Dolores</subfield>
      <subfield code="e">author</subfield>
   </datafield>
   <datafield ind2=" " ind1=" " tag="260">
      <subfield code="c">2003-05</subfield>
   </datafield>
   <datafield ind2=" " ind1=" " tag="520">
      <subfield code="a">El artículo constituye una aportación original al estudio de la historia del pensamiento político y social moderno y contemporáneo gracias a su reconstrucción del concepto de asociabilidad desde su formulación por parte de Rousseau hasta su reelaboración explícita en Ortega y Gasset, pasando por Kant y Weber, así como considerando la evolución de su significado. El trabajo no se limita a un análisis exegético de autores, sino que propone una interpretación sistemática del concepto de insociabilidad como clave para comprender la tensión constitutiva entre individuo y sociedad. Esta metodología permite clarificar el alcance teórico del concepto de insociabilidad y su relevancia para debates contemporáneos sobre sociabilidad, conflicto social y constitución del sujeto moderno. La originalidad del artículo reside, pues, tanto en el objeto de estudio —la insociabilidad— como en el enfoque comparado y genealógico, que aporta una perspectiva novedosa dentro de los estudios filosóficos y de teoría social.</subfield>
   </datafield>
   <datafield ind1="8" ind2=" " tag="024">
      <subfield code="a">López Yáñez, A. D. (2003). El descubrimiento de la insociabilidad. Revista de Occidente, 264, 45-56.</subfield>
   </datafield>
   <datafield ind1="8" ind2=" " tag="024">
      <subfield code="a">0034-8635</subfield>
   </datafield>
   <datafield ind1="8" ind2=" " tag="024">
      <subfield code="a">https://hdl.handle.net/20.500.14352/131911</subfield>
   </datafield>
   <datafield ind2="0" ind1="0" tag="245">
      <subfield code="a">El descubrimiento de la insociabilidad: de Rousseau a Ortega</subfield>
   </datafield>
</record></metadata></record></GetRecord></OAI-PMH>